Los libros plúmbeos del Sacramonte

Guardat en:
Dades bibliogràfiques
Autor principal: Hagerty, Miguel José (Autor)
Format: Llibre
Idioma:espanyol
Publicat: Madrid Editora Nacional 1980
Col·lecció:Biblioteca de visionarios heterodoxos y marginados, 8
Matèries:
Etiquetes: Afegir etiqueta
Sense etiquetes, Sigues el primer a etiquetar aquest registre!

MARC

LEADER 00000nam a2200000 a 4500
001 UCX0485
003 CL-VaPUC
008 891025e19800000SP |||||||||||||||||spa|d
082 0 4 |a 200.4  |b HAG  |2 21 
100 |a Hagerty, Miguel José  |e author  |9 317526 
245 1 4 |a Los libros plúmbeos del Sacramonte 
300 |a 313 p 
942 |c BK 
945 |d 19891025 00:00:00 
260 |a Madrid  |b Editora Nacional  |c 1980 
650 0 |a Religión   |9 255164 
583 |a last modification  |c 19891025 00:00:00  |k Rodrigo Vera 
490 0 |a Biblioteca de visionarios heterodoxos y marginados, 8 
999 |c 222078  |d 222076 
952 |0 0  |1 2  |4 0  |6 200_400000000000000_HAG_1980  |7 0  |8 A  |9 216321  |a BIBTEO  |b BIBTEO  |d 2019-11-15  |i 284897K  |o 200.4 HAG 1980  |p 284897K  |r 2019-11-15  |w 2019-11-15  |x Descarte 2019  |y BK  |k ICR 
952 |0 0  |1 0  |4 0  |6 200_400000000000000_HAG_1980  |7 0  |8 A  |9 216322  |a BIBART  |b BIBART  |d 2019-11-15  |i 120470K  |o 200.4 HAG 1980  |p 120470K  |r 2025-03-13  |w 2019-11-15  |y BK  |k ART